Conjuración de Catilina / (Record no. 10923)

MARC details
000 -CABECERA
campo de control de longitud fija 00800nam a2200217 a 4500
005 - FECHA Y HORA DE LA ÚLTIMA TRANSACCIÓN
campo de control 20210223121023.0
008 - ELEMENTOS DE LONGITUD FIJA--INFORMACIÓN GENERAL
campo de control de longitud fija 991125s1991 mx 000 0 spa u
020 ## - NÚMERO INTERNACIONAL NORMALIZADO PARA LIBROS
Número Internacional Estándar del Libro 9683615465
035 ## - NÚMERO DE CONTROL DEL SISTEMA
Número de control de sistema UPN01000010923
049 ## - COLECCIÓN
Colección CG
050 #4 - SIGNATURA TOPOGRÁFICA DE LA BIBLIOTECA DEL CONGRESO
Número de clasificación DG259
Número de documento/Ítem S2.28
100 1# - ASIENTO PRINCIPAL--NOMBRE PERSONAL
Nombre de persona Salustio, Cayo Crispo
245 10 - MENCIÓN DE TÍTULO
Título Conjuración de Catilina /
Mención de responsabilidad, etc. Cayo Salustio Crispo ; tr. del latín, pról. y notas por Agustín Millares Carlo.
260 ## - PUBLICACIÓN, DISTRIBUCIÓN, ETC.
Lugar de publicación, distribución, etc. México :
Nombre del editor, distribuidor, etc. UNAM, Coordinación de Humanidades,
Fecha de publicación, distribución, etc. 1991.
300 ## - DESCRIPCIÓN FÍSICA
Extensión 54, xlvii p.
440 #0 - MENCIÓN DE SERIE/ASIENTO SECUNDARIO--TÍTULO
Título Bibliotheca scriptorum graecorum et romanorum mexicana
600 14 - ASIENTO SECUNDARIO DE MATERIA - NOMBRE PERSONAL
Nombre de persona CATILINA, LUCIO SERGIO,
Fechas asociadas al nombre 108-62 A.C.
9 (RLIN) 6510
651 #4 - ASIENTO SECUNDARIO DE MATERIA - NOMBRE GEOGRAFICO
Nombre geográfico ROMA -
Subdivisión general HISTORIA -
Subdivisión cronológica CONSPIRACION DE CATILINA, 65-62 A.C.
700 1# - ASIENTO SECUNDARIO--NOMBRE DE PERSONAL
Nombre de persona Millares Carlo, Agustín,
Fechas asociadas al nombre 1893-1980
Término indicativo de función/relación pról.
9 (RLIN) 29247
905 ## - TIPO DE MATERIAL
Tipo de material Libro
Holdings
Estado de retiro Estado de pérdida Fuente del sistema de clasificación o colocación Estado dañado No para préstamo Código de colección Localización permanente Ubicación/localización actual Ubicación en estantería Total de préstamos Clasificación Código de barras Fecha visto por última vez Número de copia Tipo de ítem Koha
    Library of Congress Classification     Colección General Bib. Gregorio Torres Quintero Bib. Gregorio Torres Quintero Planta baja   DG259 S2.28 1991 139140 31/12/2020 1 Libro
    Library of Congress Classification     Colección General Bib. Gregorio Torres Quintero Bib. Gregorio Torres Quintero Planta baja   DG259 S2.28 1991 139139 31/12/2020 1 Libro
    Library of Congress Classification     Colección General Bib. Gregorio Torres Quintero Bib. Gregorio Torres Quintero Planta baja   DG259 S2.28 1991 139141 31/12/2020 1 Libro